| 000 | 00379nam a2200169Ia 4500 | ||
|---|---|---|---|
| 001 | 4605 | ||
| 003 | IN-NITTTR | ||
| 005 | 20251114233001.0 | ||
| 008 | 251113s9999||||xx |||||||||||||| ||eng|| | ||
| 040 | _beng | ||
| 040 | _cIN-NITTTR | ||
| 041 | _aeng | ||
| 082 | _a623.82 W173K | ||
| 100 | _aWalton, Thomas | ||
| 245 | 0 |
_aKnow your own ship. / _cWalton, Thomas |
|
| 942 |
_2ddc _cBK |
||
| 999 |
_c7241 _d7241 |
||